European Provinces - Statistics

General Stats
  • This quiz has been taken 159 times
  • The average score is 34 of 225
Answer Stats
Answer % Correct
Catalonia
67%
Bavaria
64%
Madrid
60%
Galicia
59%
Berlin
54%
Andalusia
53%
Brittany
53%
Saxony
50%
Valencia
50%
Normandie
49%
Sicily
49%
Sardinia
47%
Hamburg
45%
Bern
44%
Brandenburg
42%
London
41%
Tuscany
40%
Zeeland
40%
Aragon
39%
Ile de France
39%
Baden-Württemberg
37%
Zürich
37%
Lombardy
36%
North Holland
36%
South Holland
36%
Bremen
35%
North Rhine-Westphalia
35%
Friesland
34%
Piedmont
34%
Rhineland-Palatinate
34%
Schleswig-Holstein
34%
Vienna
34%
Lazio
33%
Basque Country
32%
Extremadura
32%
Limburg
32%
North Brabant
32%
Saxony-Anhalt
32%
Mecklenburg-Vorpommern
31%
Murcia
31%
Navarre
31%
Utrecht
31%
Brussels
30%
Luxembourg
30%
Asturias
29%
Grand Est
29%
Lower Saxony
29%
Occitanie
29%
Saarland
29%
Veneto
28%
Andorra la Vella
27%
Balearic Islands
27%
Canary Islands
27%
Groningen
27%
Liguria
27%
Thuringia
27%
Tyrol
26%
Drenthe
25%
Emilia-Romagna
25%
Gelderland
25%
Hesse
25%
Calabria
24%
Campania
24%
Umbria
24%
Auvergne - Rhône-Alpes
23%
Bourgogne - Franche-Comté
23%
Overijssel
23%
Castilla–La Mancha
22%
Marche
22%
Cantabria
21%
Northern
21%
Nouvelle Aquitaine
21%
Salzburg
21%
Abruzzo
20%
Basilicata
20%
Centre - Val de Loire
20%
Corse
20%
Flevoland
20%
Genève
20%
La Rioja
20%
Prague
20%
Antwerp
19%
Apulia
19%
Hauts de France
19%
Liège
19%
Molise
19%
Pays de la Loire
19%
Oslo
18%
West Flanders
18%
Aosta Valley
17%
East Flanders
16%
Sjælland
16%
Castile and León
14%
Flemish Brabant
14%
Friuli-Venezia Giulia
14%
Lower Austria
14%
Namur
13%
Ticino
13%
Upper Austria
13%
Vorarlberg
13%
Carinthia
12%
Neuchâtel
12%
Luzern
11%
Walloon Brabant
11%
Hainaut
10%
Lapland
10%
Lappland
10%
Styria
10%
Burgenland
9%
Valais
9%
Fribourg
8%
Jura
8%
St. Gallen
8%
Ulster
8%
Uri
8%
Vaud
8%
Zug
8%
Aargau
7%
Graubünden
7%
Leinster
7%
Lisbon
7%
Munster
7%
Schwyz
7%
South West
7%
Thurgau
7%
Basel-Stadt
6%
Glarus
6%
Gotland
6%
North East
6%
Schaffhausen
6%
Solothurn
6%
South East
6%
Appenzell Ausserrhoden
5%
Appenzell Innerrhoden
5%
Connacht
5%
North West
5%
Ordino
5%
Algarve
4%
Basel-Landschaft
4%
East Midlands
4%
Encamp
4%
Madeira
4%
Nidwalden
4%
Obwalden
4%
Trentino-South Tyrol
4%
West Midlands
4%
Åland
3%
Azores
3%
East of England
3%
Midtjylland
3%
Nordjylland
3%
Provence - Cote d'Azur
3%
Skåne
3%
Uusimaa
3%
Vestland
3%
Central Finland
2%
Escaldes-Engordany
2%
Kymenlaakso
2%
La Massana
2%
Liberec
2%
Nordland
2%
North Karelia
2%
Sant Julià de Lòria
2%
South Karelia
2%
Yorkshire and the Humber
2%
Agder
1%
Canillo
1%
Central Ostrobothnia
1%
Halland
1%
Hradec Králové
1%
Jämtland
1%
Moravian-Silesian
1%
Møre og Romsdal
1%
Norrbotten
1%
Olomouc
1%
Ostrobothnia
1%
Plzeň
1%
Rogaland
1%
Satakunta
1%
Southwest Finland
1%
Syddanmark
1%
Västerbotten
1%
Viken
1%
Alentejo
0%
Ångermanland
0%
Blekinge
0%
Bohuslän
0%
Center
0%
Central Bohemian
0%
Dalarna
0%
Dalsland
0%
Gästrikland
0%
Hälsingland
0%
Härjedalen
0%
Hovedstaden
0%
Innlandet
0%
Kainuu
0%
Kanta-Häme
0%
Karlovy Vary
0%
Medelpad
0%
Närke
0%
North Ostrobothnia
0%
North Savo
0%
Öland
0%
Östergötland
0%
Päijät-Häme
0%
Pardubice
0%
Pirkanmaa
0%
Småland
0%
Södermanland
0%
South Bohemian
0%
South Moravian
0%
South Ostrobothnia
0%
South Savo
0%
Troms og Finnmark
0%
Trøndelag
0%
Uppland
0%
Ústí nad Labem
0%
Värmland
0%
Västergötland
0%
Västmanland
0%
Vestfold og Telemark
0%
Vysočina
0%
Zlín
0%
No matching quizzes found
Score Distribution
Percent of People with Each Score
Percentile by Number Answered
Your Score History
You have not taken this quiz